Регионална библиотека "Любен Каравелов" - Русе

Семиотика (Запис номер 368782)

MARC детайли
000 -Лидер
Контролно поле с фиксирана дължина nam a22 7a 4500
003 - Код на организацията, давaща контролен номер
Контролно поле BLK
005 - Дата и час на последна редакция
Контролно поле 20200616132257.0
008 - Елементи от данни с фиксирана дължина
fixed length control field 200616b bu ||||| |||| 00| 0 bu d
040 ## - Източник на каталожния запис
Идентификатор на билиотеката - собственик на записа BLK
041 ## - Код за език
Код за езика на текст/звукозапис или на отделно заглавие Руски
Код за езика КДБФ Руски
080 ## - УДК
Текстов определител УДК Обща теория на знаците в езикознанието. Семиология. Семиотика.
УДК код - определител по УДК 81`22
УДК - код + определител 81`22
139 ## - Редно поле
Редна дума Семиотика
Авторски знак Сем - С 32
245 ## - Сведения за заглавието
Заглавие Семиотика
Подзаглавни данни Сб. статей
Редно поле (дума) состав., вступ. статья и общ. ред. Ю. С. Степанова
260 ## - Област на издателските данни
9 (RLIN) 212226
Място на издаване, разпространение и проч. Москва
Име на издателя, разпространителя и проч. Радуга
Година на издаване 1983
Издателство - префикс ISBN 5-05-
300 ## - Физическа характеристика
Страници 627 с.
Размери/Мащаб 23 см
380 ## - Жанр
Жанр Езикознание. Филология
650 #7 - Допълнително описание по предмет – тема
9 (RLIN) 170840
Основно описание – тема или топоним Семиотика
653 #7 - Ключова дума – ненормативна
9 (RLIN) 196450
Ключова дума семиотика
700 ## - Други автори (авторска отговорност)
9 (RLIN) 1413
Лично име Степанова, Ю. С.
Автороска отговорност (Описва отношението между автора и произведението) состав. и авт. вступ. статьи
700 ## - Други автори (авторска отговорност)
9 (RLIN) 864
Лично име Степанова, Ю. С.
Автороска отговорност (Описва отношението между автора и произведението) под общ. ред. на
852 ## - Местоположение
Форматна сигнатура Цб 125547
Фондова буква Хранилище
999 ## - СИСТЕМНИ КОНТРОЛНИ НОМЕРА
Koha biblionumber 368782
Koha biblioitemnumber 368782
942 ## - АРТИКУЛИ
Вид на библиотечния материал Книги
Скрит в OPAC Не
Периодичен библиозапис Да
944 ## - СЪЗДАВАНЕ И РЕДАКЦИЯ на ЗАПИСА
Създаване/Редакция Създаване
Дата на регистрацията/редакция 2020-06-16
Служител, извършил регистрацията/редакцията Христина Везирева
999 ## - СИСТЕМНИ КОНТРОЛНИ НОМЕРА
Koha biblioitemnumber 368782
Наличности
Код за отписване Код за изгубен артикул Източник на класификационната схема Код за повреда Код за отдаване Артикулен № Име на библиотеката - собственик Име на библиотеката, в която се намира в момента Статус (Текущо местоположение) Дата на вписване в системата Местоположение - отдел Цена в лева Инвентарен номер Систематично азбучна сигнатура Баркод Цена в евро Служебен тип на артикула
  Не е изгубен Universal Decimal Classification Не е повреден ползва се в читалня 776721 Регионална библиотека "Любен Каравелов" Русе Регионална библиотека "Любен Каравелов" Русе Хранилище 2020-06-16 Хранилище 1.52 402295 Цб 125547 900000012770 0.78 Книги
Vip Innovations Ltd, Rousse, Bulgaria 2025